| 000 | 00644nam a22002417a 4500 | ||
|---|---|---|---|
| 001 | sjds | ||
| 003 | sjds | ||
| 005 | 20230213213105.0 | ||
| 008 | 220608b sp |||| |||| 00| 0 spa d | ||
| 020 | _a9788424617240 | ||
| 020 | _a842461724X | ||
| 040 | _csjds | ||
| 041 | _aspa | ||
| 100 | 1 | 0 | _aDuran, Teresa |
| 245 | 1 | 3 |
_aEl Raton / _cTeresa Duran ; ilustraciones de Sita Jucker ; [traduccion: Eduardo Ruiz]. |
| 246 | _aEl Raton | ||
| 260 |
_aBarcelona : _bLa Galera : Pirene, _c1995. |
||
| 300 |
_a[20] p. : _bil. ; _c 17 cm. |
||
| 440 | _aCuatro estaciones | ||
| 700 | 1 | 0 | _aJucker, Sita |
| 700 | 1 | 0 | _aRuiz, Eduardo |
| 942 |
_cBK _2ddc |
||
| 999 |
_c27056 _d27056 |
||